|
|
|
|
| LEADER |
00000nab a2200000 a 4500 |
| 001 |
vtls000155325 |
| 003 |
SK-MaSNL |
| 005 |
20260304102815.0 |
| 008 |
250422c1982 xo 0 slo |
| 015 |
|
|
|a SNBRB19rr/mm-uuuuu
|
| 035 |
|
|
|a CL0165432
|
| 035 |
|
|
|a urn:nbn:sk:snk-ab7ggn
|
| 035 |
|
|
|a (urnnbn)urn:nbn:sk:snk:ar-005qvg
|
| 035 |
|
|
|a (uuid)618d8bfe-5aa4-4815-9fc0-0449a5df7039
|
| 040 |
|
|
|a SNKBUCL
|b slo
|c SNKBUCL
|e AACR2
|
| 041 |
0 |
|
|a slo
|
| 044 |
|
|
|a xo
|c SK
|
| 080 |
|
|
|a 930.25
|2 1981
|
| 080 |
|
|
|a 001.891
|2 1981
|
| 100 |
1 |
|
|a Chalupecký, Ivan,
|d 1932-2020
|4 aut
|9 199754
|
| 245 |
1 |
0 |
|a Činnosť pracovnej skupiny pre riešenie otázok audiovizuálnych dokumentov
|c Ivan Chalupecký
|
| 650 |
0 |
7 |
|a archívnictvo
|2 snkbucl
|9 4219
|
| 650 |
0 |
7 |
|a audiovizuálne dokumenty
|2 snkbucl
|9 65964
|
| 655 |
|
7 |
|a články z novín a časopisov
|2 snkbucl
|9 267496
|
| 773 |
0 |
|
|t Slovenská archivistika
|g Roč. 17, č. 2 (1982), s. 186-188
|
| 850 |
|
|
|a Slovenská národná knižnica
|
| 852 |
|
|
|a Slovenská národná knižnica
|
| 954 |
|
|
|a odborná, vedecká literatúra pôvodná (slovenská)
|2 lita
|
| 958 |
|
|
|a article7
|
| 958 |
|
|
|a RK
|
| 958 |
|
|
|a OND
|
| 958 |
|
|
|a EUIPO
|
| 992 |
|
|
|a RBX
|
| 999 |
|
|
|c 2846725
|d 2848655
|